00753 a2200193 4500020001500000040001300015082001200028100002200040245009400062250001200156260005700168300007200225500002000297650001700317700002600334942002500360999001500385952015900400 a0766840263 aDLCbDLC00a621.3811 aMeade, Russell L.10aFoundations of electronics, circuits and devices cRussell L. Meade, Robert Diffenderfer. a4th ed. aClifton Park, NY :bThomson/Delmar Learning,cc2003. axxxii, 1152 p. :bill. (some col.) ;c26 cm. + 1 CD-ROM (4 3/4 in.) aIncludes index. 0aElectronics.1 aDiffenderfer, Robert. cBKk621.381 MEA2ddc c9987d9987 001040708NFICaCLbCLcGENd2004-10-16eProgressive International Agenciesg744.12l1o621.381 MEApSEECS004888r2014-03-02s2014-02-02w2017-01-05yBK